El Evangelio según San Mateo
Tallennettuna:
| Päätekijä: | |
|---|---|
| Aineistotyyppi: | Kirja |
| Kieli: | espanja |
| Julkaistu: |
Salamanca
Ediciones Sígueme
2010
|
| Painos: | 3a. ed |
| Sarja: | Biblioteca de Estudios Bíblicos, 74, 103
|
| Aiheet: | |
| Tagit: |
Lisää tagi
Ei tageja, Lisää ensimmäinen tagi!
|
MARC
| LEADER | 00000cam a2200000 a 4500 | ||
|---|---|---|---|
| 001 | UCC2578 | ||
| 003 | CL-VaPUC | ||
| 008 | 180309e20100000sp |||||||||||||||||spa|d | ||
| 020 | |a 9788430112135 | ||
| 082 | 0 | 4 | |a 226.2 |b LUZ |2 21 |
| 100 | |a Luz, Ulrich |e autor |9 596638 | ||
| 245 | 1 | 3 | |a El Evangelio según San Mateo |
| 250 | |a 3a. ed | ||
| 300 | |a v | ||
| 942 | |c BK | ||
| 945 | |d 20180309 22:06:00 |a arojas | ||
| 260 | |a Salamanca |b Ediciones Sígueme |c 2010 | ||
| 500 | |a v.1: Mt 1-7 | ||
| 600 | 0 | 7 | |a SAN MATEO |2 CL-VaPUC |9 421534 |
| 650 | 0 | |a Biblia |9 257603 | |
| 650 | 0 | |a Nuevo testamento |9 257604 | |
| 650 | 7 | |a SAN MATEO 1-7 |2 CL-VaPUC |9 548411 | |
| 650 | 7 | |a COMENTARIOS BIBLICOS |2 CL-VaPUC |9 521524 | |
| 583 | |a last modification |c 20180309 22:06:00 |k Rodrigo Vera | ||
| 490 | 0 | |a Biblioteca de Estudios Bíblicos, 74, 103 | |
| 999 | |c 370640 |d 370638 | ||
| 952 | |0 0 |1 0 |3 erd |4 0 |6 226_200000000000000_LUZ_2010 |7 0 |8 A |9 487210 |a BIBTEO |b BIBTEO |h v.1 |i 5453151 |o 226.2 LUZ 2010 |p 5453151 |r 2025-01-17 |w 2019-11-24 |y BK |z Catalogado en:20180309 |k ICR | ||